000 00494nam a22001697a 4500
003 0
005 20160609170126.0
008 101123t xxu||||| |||| 00| 0 eng d
040 _aBUAC
_bFr.
_cCRPU/UAC06
041 _aFr.
100 _aLeclercq, Dieudonné
_911537
245 _aEdumetrie et Docimologie
_cDieudonné Leclercq
260 _a[Paris]:
_bEd. de l'université de liège,
_c1999
300 _aNumeroté par chap.
_c27 cm
650 _aPHILOSOPHIE, PSYCHOLOGIE
_911538
942 _cLIVR
999 _c48360
_d48360